000 00587nam a2200169 a 4500
005 20140412111410.0
008 070214s19uu xx 00 eng d
020 _a078685874-5
050 _aTR(PS E
_bFa21 2000
245 _aFamily storybook library, bk. 9:
_bThe humblest package can contain the greatest gift.
260 _aNew york :
_bDisney press,
_c2000.
300 _a19
440 _aDisneys family storybook library
520 _aStories about fairness and judgement, title includes the hunchback of notre dame and lady and the tramp
650 _aFables
999 _c105642
_d105642